000 00817nam a22001935i 4500
001 152038
003 ES-MaACL
005 20250813063331.0
008 000824s1897 fr af |||| | fre d
040 _aCCPB | B
_bspa
_cCCPB | B
080 _a299.16
100 1 _aBertrand, Alexandre,
_d1820-1902
_928516
245 1 0 _aNos origines
_b: la religion des gaulois les druides et le druidisme : leçons proffessées a l'École du Louvre en 1896 /
_cpar Alexandre Bertrand.
260 _aParis :
_bErnest Leroux,
_c1897 (
_fA. Burdin)
300 _aIX, 436 p., XXXI h. de grab. :
_bil. ;
_c25 cm.
650 4 _aDruidas y druidismo.
_9147780
852 _aES-MaACL
_jC-1097
_z-- Enc. pasta española, conservando la enc. original
_x-- Completar T260: El lugar de impresión es Angers
999 _c152038
_d152038